Statistics for Naruto Jinchuriki and Tailed Beasts

Click here to take the quiz!

General Stats

  • This quiz has been taken 865 times
  • The average score is 15 of 23

Answer Stats

HintAnswer% Correct
One Tail JinchurikiGaara
94%
One TailShukaku
89%
Nine TailsKurama
88%
Eight Tails JinchurikiKiller Bee
79%
Two TailsMatatabi
78%
Four TailsSon Goku
76%
Seven Tails JinchurikiFu
71%
Three TailsIsobu
69%
Eight TailsGyuki
67%
Five Tails JinchurikiHan
67%
Six Tails JinchurikiUtakata
66%
Nine Tails JinchurikiNaruto Uzumaki
65%
Three Tails JinchurikiYagura
65%
Seven TailsChomei
64%
Six TailsSaiken
64%
Five TailsKokuo
61%
Four Tails JinchurikiRoshi
55%
Ten Tails JinchurikiObito Uchiha
53%
Ten Tails JinchurikiMadara Uchiha
52%
Two Tails JinchurikiYugito Nii
45%
Three Tails JinchurikiRin Nohara
32%
Ten Tails JinchurikiHagoromo Otsutsuki
27%
Ten TailsTen-Tails
22%

Score Distribution

Percentile by Number Answered

Percent of People with Each Score

Your Score History

You have not taken this quiz